Open Data Biblioteca Nacional de Portugal


República Portuguesa: Ministério da Cultura
Biblioteca Nacional de Portugal

Catálogo da BNP: acesso por Identificadores Unívocos
Registos Bibliográficos associados ao registo de autoridade

Etiqueta de registo: 00000nkm 2200025 450
001 2275527
003 http://id.bnportugal.gov.pt/bib/catbnp/2275527
100 ## $a20260304d1991 m y0pory01030103ba
101 0# $apor
102 ## $aPT
200 1# $aMaratona do Tejo, VI Rali Náutico, VBila Velha de Ródão-Lisboa, 25 a 28 abril 91$bVisual gráfico]$fFederação Portuguesa de Canoagem
210 #9 $a[Porto]$cFederação Portuguesa de Canoagem,$d1991
215 ## $a1 cartaz$ccolor.$d40,5x59,5 cm
317 ## $aColeção Madeira Luís
710 02 $aMaratona do Tejo,$eVila Velha de Ródão - Lisboa,$f1991$31988804
711 02 $aRali Náutico,$d6,$eVila Velha de Ródão - Lisboa,$f1991$4570$31988805
712 02 $aFederação Portuguesa de Canoagem$4557$349396
801 #0 $aPT$bBN$gRPC
966 ## $lBN$mICONOG$sCT. 23135 A.$x3
971 ## $cCaticonografia1$d20260304
995 ## $aPRR2026

OpendataBNP@bnportugal.pt | Mais informação sobre acesso aos dados BNP